000 00310nam a2200121Ia 4500
005 20260326100024.0
008 260326s9999||||xx |||||||||||||| ||und||
100 _aMatsumoto, Narashige
245 0 _aAncient sculpture of Japan /
_cNarashige Matsumoto
260 _bMitsumura Suiko
650 _aARTE
942 _cBK
999 _c6329
_d6329